| Поле | Инд. | ПП | Название | Значение |
|---|---|---|---|---|
| Тип записи | a | |||
| Библиографический уровень | m | |||
| 001 | Контрольный номер | RU/IS/BASE/264549559 | ||
| 005 | Дата корректировки | 20250410150324.1 | ||
| 008 | Кодируемые данные | 19980202 | ||
| 040 | 00 | e | Правила каталог. | Л. 971208 |
| 084 | a | Индекс другой классификации/Индекс ББК | 84(2=411.2)6-5; 84(2=411.2)6-51 | |
| 090 | 00 | a | Полочн. индекс | 84(2=411.2)6-5 |
| x | Авторский знак | Р 693 | ||
| 097 | 00 | a | 210 | |
| 100 | 10 | a | Автор | Романов А. А. |
| q | Полное имя | Романов Александр Александрович | ||
| 245 | 00 | a | Заглавие | Стихотворения и поэмы |
| c | Ответственность | редколлегия: И. М. Ветлугин, В. Г. Коржев, К. Л. Лисовский [и др.] | ||
| 260 | 00 | b | Издательство | Западно-Сибирское книжное издательство |
| c | Дата издания | 1972 | ||
| a | Место издания | Новосибирск | ||
| 300 | 00 | a | Объем | 175 с. |
| b | Иллюстрации/ тип воспроизводства | портр. | ||
| 336 | a | Термин вида содержания | Текст | |
| 337 | a | Термин типа средства | непосредственный | |
| 440 | 00 | a | Серия | Библиотека сибирской поэзии |
| 650 | 04 | a | Основная рубрика | художественная литература |
| 653 | 00 | a | Ключевые слова | XX век |
| a | Ключевые слова | Россия | ||
| a | Ключевые слова | русская литература | ||
| 655 | 00 | a | Жанр/ форма (устаревшее) | поэзия |
| a | Жанр/ форма (устаревшее) | стихотворение | ||
| a | Жанр/ форма (устаревшее) | поэма | ||
| 700 | 10 | a | Автор | Ветлугин И. М. |
| e | Роль лиц | редактор | ||
| 700 | 10 | a | Автор | Коржев В. Г. |
| e | Роль лиц | редактор | ||
| 700 | 10 | a | Автор | Лисовский К. Л. |
| e | Роль лиц | редактор | ||
| 700 | 10 | a | Автор | Решетников Л. В. |
| e | Роль лиц | редактор | ||
| 700 | 10 | a | Автор | Смердов А. И. |
| e | Роль лиц | редактор | ||
| 700 | 10 | a | Автор | Стюарт Е. К. |
| e | Роль лиц | редактор | ||
| 700 | 10 | a | Автор | Фоняков И. О. |
| e | Роль лиц | редактор | ||
| 901 | t | Тип документа | m | |
| 952 | a | Тип литературы для КСУ ВШ | ЛХИ |